| 000 | 00585nam a2200193Ia 4500 | ||
|---|---|---|---|
| 003 | GCL | ||
| 008 | 140319s9999 xx 000 0 ara d | ||
| 040 |
_aGCL / _cGCL |
||
| 082 | 0 | 4 |
_aد _b050 |
| 100 | 1 | _aمحمد محمود زيتون | |
| 245 | 1 | 0 |
_aالصين و العرب عبر التاريخ / _cمحمد محمود زيتون |
| 300 | _a120 ص | ||
| 490 |
_aاقرأ _v0 |
||
| 650 | 0 | 4 | _aالعالم العربى |
| 650 | 0 | 4 | _aالعلاقات الخارجية |
| 650 | 0 | 4 | _aالصين |
| 650 | 0 | 4 | _aالعلاقات الخارجية فى الاسلام |
| 942 |
_2ddc _cBK |
||
| 999 |
_c48675 _d48675 |
||